|
|
|
|
| LEADER |
00000nab a2200000 a 4500 |
| 001 |
vtls010564430 |
| 003 |
SK-MaSNL |
| 005 |
20260305031418.0 |
| 008 |
131210 2013 xo m 000 0 slo |
| 038 |
|
|
|a PPPK
|
| 040 |
|
|
|a PPPKCL
|b slo
|c PPPK
|e AACR2
|
| 041 |
0 |
|
|a slo
|
| 044 |
|
|
|a xo
|c SK
|
| 080 |
|
|
|a 711.4:93/94
|x (437.6)
|2 2001
|
| 080 |
|
|
|a 347.9(091)
|2 2001
|
| 100 |
1 |
|
|a Pavlik, Eduard
|4 aut
|9 8568
|
| 245 |
1 |
0 |
|a Kapitoly zo staroveskej kroniky (13): Okresný súd v Starej Vsi
|c Spracoval: Eduard Pavlik
|
| 650 |
0 |
7 |
|a mestá
|2 pppkcl
|9 2929
|
| 650 |
0 |
7 |
|a dejiny súdnictva
|2 pppkcl
|9 124734
|
| 651 |
|
7 |
|a Spišská Stará Ves (Slovensko)
|2 pppkcl
|9 54503
|
| 651 |
|
7 |
|a Kežmarok (Slovensko : okres)
|2 pppkcl
|9 51824
|
| 773 |
0 |
|
|t Starovešťan : spravodajca mesta Spišská Stará Ves
|g Roč. 7, č. 34 (2013), s. 3
|
| 852 |
|
|
|a PPPK
|b KIS3GCP
|
| 999 |
|
|
|c 3316005
|d 3317935
|